[Event "ARM-ch"]
[Site "Yerevan"]
[Date "1999.10.22"]
[Round "7"]
[White "Asrian, Karen"]
[Black "Nadanian, Ashot S"]
[Result "1-0"]
[WhiteElo "2575"]
[BlackElo "2410"]
[Annotator "Mikhalevski,V"]
[PlyCount "67"]
[EventDate "1999.10.16"]
[EventType "tourn"]
[EventRounds "11"]
[EventCountry "ARM"]
[EventCategory "10"]
[SourceTitle "CBM 074"]
[Source "ChessBase"]
[SourceDate "2000.02.01"]
[SourceVersion "1"]
[SourceVersionDate "2000.02.01"]
[SourceQuality "1"]

1. e4 e5 2. Nf3 Nc6 3. Bb5 a6 4. Ba4 Nf6 5. O-O Nxe4 6. d4 b5 7. Bb3 d5 8. dxe5
Be6 9. Be3 Bc5 10. Qe2 {This position also can be reached by other moves order:
9.Qe2 Bc5 10.Be3} Bxe3 (10... O-O {and}) (10... Qe7 {are more popular}) 11.
Qxe3 Ne7 12. c3 Nf5 (12... c5 13. Bc2 O-O 14. Re1 Bf5 15. Nh4 Qc8 16. f3 Ng3
17. Bb3 Bxb1 18. hxg3 Bg6 {1-0 Timoshenko,G-Korneev,O/Jakarta 1997/CBM 58 ext 
(18)}) 13. Qe2 O-O $146 ({In the only previous game where this position was
reached Black continued} 13... c5 {but after} 14. Bc2 Ng5 15. a4 b4 16. Nbd2
Nxf3+ 17. Nxf3 bxc3 18. bxc3 O-O 19. a5 Ne7 20. Rfd1 Qc7 21. Rdb1 Rfb8 22.
Rxb8+ Qxb8 23. Rb1 Qc8 24. Rb6 $14 {White obtained clear adge. 1-0 Sion Castro,
M-Fernandez Garcia,J/Elgoibar 1996/CBM 57 ext (36)}) 14. Bc2 Ng5 $6 {This
unfortunate retreat brings additional problems.In particular knight on g5 will
be out of play.} ({After} 14... Nc5 {White is only slightly better}) {
Certainly White doesn't change the g5-knight which will be reason of all
following troubles.} 15. Nd4 $1 {[%mdl 32]} Nxd4 16. cxd4 f5 {Black has to
save his knight.} 17. Nd2 {[%csl Rc5][%cal Gd2b3,Gb3c5] Serious weakness has
been created in the Black's camp and knight immediately gets going to b3.} f4
18. f3 Bf5 {[%cal Gg5e6] Regrouping his army Black is ready to cover the
c5-square,but semiopen c-file is open for White's rooks that secure big
positional advantage.} 19. Nb3 Rb8 (19... Ne6 $142) 20. Bxf5 Rxf5 21. a4 {
White is opening another file for his rooks and strengthening pressure.} Ne6
22. axb5 Rh5 $2 {Black is staking his all.However he should submit with
srategically bad position and to take back on b5.} (22... axb5 $8 23. Ra6) (
22... Rxb5 $143 23. Qd3 (23. Rxa6 $5 Rxb3 24. Rxe6 $16) 23... Rxb3 24. Qxb3
Nxd4 25. Qd3 c5 26. Rfe1 $18) 23. Rxa6 Qh4 24. h3 ({But not} 24. g4 $2 fxg3 25.
Rxe6 g2 $1 26. Qxg2 Rg5 {and Black on top}) 24... Ng5 25. Rf2 $1 {[%mdl 256]
Precise defence.White shouldn't scorn by Black's attack.Rook on f2 will be
very useful.} ({Inaccurate} 25. Rfa1 {could complicate the position:} Nxh3+ $1
26. Kf1 (26. gxh3 $2 {is bad in view of} Rg5+ 27. Kf1 Qxh3+ 28. Ke1 Rg2 $19)
26... Ng5 27. Qf2 Rxb5 $13) 25... c5 {An attempt to fish in troubled waters.} (
25... Qg3 {also doesn't save:} 26. Kf1 Nxh3 27. gxh3 Rxh3 28. Qd3 Rh1+ 29. Ke2
Rh2 30. Rxh2 Qxh2+ 31. Kd1 Qxb2 32. Rc6 Rb7 33. Rc5 $18) (25... Nxh3+ 26. gxh3
Qxh3 {is similar to the game as including c5 and N:c5 changes nothing.}) 26.
Nxc5 Nxh3+ ({or} 26... Qg3 27. Kf1 Nxh3 28. gxh3 Rxh3 29. Ke1 $18) 27. gxh3
Qxh3 (27... Qg3+ 28. Rg2 Qxh3 {transposes to the game.}) 28. Rh2 Rg5+ 29. Rg2
Rh5 30. Qf1 {[%cal Gg1f2,Gf2e2] Covering first rank White wins easily.} ({
Taking in consideration that Black is lack of attacking possibilities White
also could simply play} 30. Ra7 $5 Qh1+ 31. Kf2 Qh4+ 32. Kf1 Qh1+ $140 33. Rg1)
30... Qh1+ 31. Kf2 Qh4+ 32. Ke2 Rxb5 33. Ra8+ Kf7 34. Qa1 1-0

[Event "Gashimov Memorial 3rd"]
[Site "Shamkir"]
[Date "2016.06.02"]
[Round "7"]
[White "Caruana, Fabiano"]
[Black "Giri, Anish"]
[Result "1/2-1/2"]
[WhiteElo "2804"]
[BlackElo "2790"]
[Annotator "Pavlovic,M"]
[PlyCount "75"]
[EventDate "2016.05.26"]
[EventType "tourn"]
[EventRounds "9"]
[EventCountry "AZE"]
[EventCategory "20"]
[SourceTitle "CBM 173"]
[Source "ChessBase"]
[SourceDate "2016.07.12"]
[SourceVersion "1"]
[SourceVersionDate "2016.07.12"]
[SourceQuality "1"]

1. e4 e5 2. Nf3 Nc6 3. Bb5 a6 4. Ba4 Nf6 5. O-O Nxe4 6. d4 b5 7. Bb3 d5 8. dxe5
Be6 9. Qe2 {Another Open Spanish, this time an old line was tried.} Be7 10. Rd1
O-O 11. c4 bxc4 12. Bxc4 Bc5 13. Be3 Bxe3 14. Qxe3 Qb8 $1 15. Bb3 Na5 16. Nd4 {
This move has attracted recently attracted some more attention.} c5 {Not the
most popular move, but surely an interesting one.} ({The alternative is} 16...
Qb6 17. Na3 c5 (17... Nxb3 18. Qxb3 Rab8 19. Qxb6 Rxb6 20. f3 Nc5 21. Rac1 Nd7
22. Rxc7 Nxe5 23. b3 g5 24. Nb1 Rfb8 25. Nc3 $16 {1/2-1/2 (39) Hansen,E (2574)
-Mikhalevski,V (2550) Hoogeveen 2014}) 18. Nxe6 fxe6 19. f3 Ng5 20. Rxd5 exd5
21. Bxd5+ Ne6 22. b4 Qxb4 23. Bxe6+ Kh8 24. Rb1 Qd4 25. Qxd4 cxd4 26. Bd7 $44 {
1-0 (37) Perez Ponsa,F (2533)-Gonzalez Vidal,Y (2550) Montevideo (rapid) 2015})
17. Nxe6 fxe6 18. f3 c4 19. fxe4 (19. Bc2 Qxb2 $19) 19... cxb3 20. exd5 bxa2 $5
{Black failed to equalise fully in the following line:} (20... Nc4 21. Qd4 Qa7
(21... bxa2 22. Qxc4 axb1=Q 23. Raxb1 Qb6+ 24. Kh1 Rac8 25. Qa2 exd5 26. Qxd5+
Kh8 27. e6 $36 {1/2-1/2 (61) Heilemann Paul (GER) (2530)-Sapundjiev Ing Georgi
(BUL) (2529) corr. 1988}) 22. Qxa7 Rxa7 23. axb3 Ne3 24. Rc1 Raf7 25. Na3 $5 (
25. Nd2 exd5 $5 (25... Rf2 26. Nc4 Nxd5 27. Rxa6 Re2 28. Rxe6 Nf4 29. Rd6 Rxg2+
30. Kh1 Re2 31. Rf1 $14 {1/2-1/2 (50) Kosteniuk,A (2489)-Muzychuk,A (2594)
Belgrade 2013}) 26. Nf3 Nxg2 27. Ng5 Rf5 28. Ne6 Nf4 $1 $11) 25... exd5 26. Nc2
Nxc2 27. Rxc2 Re8 28. Rxa6 Rxe5 29. Rc8+ Rf8 30. Rxf8+ Kxf8 31. Kf2 $14) 21.
Rxa2 Nc4 22. Qd4 Qb3 {The alternative looks better:} (22... Nxe5 23. d6 $1 (23.
Nc3 exd5 24. b4 Qa7 25. Qxa7 Rxa7 26. Nxd5 Rb8 $11) 23... Rf5 24. Nc3 Qb3 25.
h3 a5 {Again White's pressure doesn't look that much.}) 23. Nc3 Rac8 24. Rb1 (
24. dxe6 Nxb2 25. e7 (25. Rb1 Qxc3 26. Qxc3 Rxc3 27. Raxb2 Rc6 28. Rb6 Rxb6 29.
Rxb6 Ra8 $11) 25... Rfe8 26. Qd5+ Qxd5 27. Rxd5 Rxc3 28. Rxb2 Rxe7 $11) 24...
Ne3 $1 25. Qxe3 Rxc3 26. Qxc3 Qxa2 27. Rd1 exd5 28. Qd4 Re8 $6 {Obviously
played to control the e-pawn, but actually activity was essential:} (28... Rb8
$1 29. Rc1 (29. e6 Rxb2 30. Qxd5 Qxd5 31. Rxd5 Kf8 $11) 29... h6 30. h3 (30. e6
Kh7 31. e7 Re8 $1 {should be ok for Black}) 30... Kh7 31. Qd3+ Kh8 32. Qd2 Kh7
{It is not clear how to improve from here.}) 29. Rc1 h6 30. h3 {Now with a
slightly passive rook on e8 it is more unpleasant for Black to defend.} Kh8 31.
e6 Rxe6 $2 (31... Qb3 32. Rc6 a5 33. e7 Kh7 34. Qe5 d4 35. Qe4+ Kg8 36. Qxd4
Qf7 37. Rc2 Qxe7 38. Qd5+ Kh8 39. Qxa5 Qe3+ 40. Kh1 {Pawn up for White, but
still far from any real chances to play for win at least for the moment.}) 32.
Rc8+ Kh7 33. Qd3+ Re4 34. Qf1 Re5 35. Qd3+ $2 (35. Qf7 $1 {Simply wins and
Caruana didn't see it for a few moves more!} Qxb2 (35... Qa4 36. Kh2 $1 {
Black is in some kind of zugzwang!}) 36. Qg8+ Kg6 37. Rc6+ $1 Kf5 38. Qf7+ Ke4
39. Qf3+ Kd4 40. Qd1+ Ke4 41. Kh2 $18 {Black can't survive with such a king in
the centre.}) 35... Re4 36. Qf1 Re5 37. Qd3+ Re4 38. Qf1 1/2-1/2

[Event "Olympiad-36"]
[Site "Mallorca"]
[Date "2004.10.27"]
[Round "12"]
[White "Pelletier, Yannick"]
[Black "Hracek, Zbynek"]
[Result "1/2-1/2"]
[WhiteElo "2589"]
[BlackElo "2595"]
[Annotator "Pelletier,Y"]
[PlyCount "126"]
[EventDate "2004.10.15"]
[EventType "team-swiss"]
[EventRounds "14"]
[EventCountry "ESP"]
[SourceTitle "CBM 104"]
[Source "ChessBase"]
[SourceDate "2005.01.27"]
[SourceVersion "1"]
[SourceVersionDate "2005.01.27"]
[SourceQuality "1"]
[WhiteTeam "Switzerland"]
[BlackTeam "Czech Republic"]
[WhiteTeamCountry "SUI"]
[BlackTeamCountry "CZE"]

1. e4 e5 2. Nf3 Nc6 3. Bb5 a6 4. Ba4 Nf6 5. O-O Nxe4 6. d4 b5 7. Bb3 d5 8. dxe5
Be6 9. Be3 Bc5 10. Qd3 O-O 11. Nbd2 (11. Nc3 {ist die Alternative}) 11... Bxe3
12. Qxe3 Nxd2 13. Qxd2 (13. Nxd2 Ne7) 13... Ne7 14. Qb4 $5 {[%csl Gc5] Dafür
verbrauchte ich viel Zeit. Der Damenzug wirkt unnatürlich, aber c7-c5 muss
irgendwie verhindert werden.} c6 ({In der einzigen vorigen Partie (Jahre 1964..
..) geschah} 14... a5 {, aber dieses Bauernopfer ist unkorrekt:} 15. Qxb5 c6 (
15... a4 16. Bxa4 c6 17. Qb4) 16. Qa4 $16) (14... Ng6 15. Qc5 Qe7 16. Qc6 Nf4
17. Rfe1 $14) 15. Qc5 (15. a4 a5 16. Qc5 {kommt aufs Gleiche hinaus.}) 15... a5
(15... Qc7 16. a4 Rfb8 17. Nd4) 16. a4 (16. c3 $5) 16... b4 17. c3 bxc3 (17...
Rb8 $2 18. c4 $1) 18. bxc3 Qc7 19. Nd4 Qa7 20. Qa3 (20. Nxe6 fxe6 21. Qd6 {
bringt wegen} Kf7 $1 {nichts ein}) ({und} 20. Qd6 {ist ebenfalls harmlos:} Rad8
21. Nxc6 $140 $6 Nxc6 22. Qxc6 Rc8) 20... Nf5 (20... c5 21. Nb5 Qb6 22. Bc2 $14
) 21. Rfd1 (21. Nxc6 Qb6 22. Nd4 Nxd4 23. cxd4 Qxd4 24. Rfe1 Rab8 $11 {[%csl
Gb4]}) 21... Rac8 $6 (21... Rfc8 {[%cal Ga8b8] war wohl genauer, da der andere
Turm auf der b-Linie Arbeit finden wird. Aber mein Gegner unterschätzte die
weißen Möglichkeiten, auf Vorteil zu spielen.}) 22. Rac1 g6 23. Ba2 $1 ({
Mit der Idee Bb1xf5. Nach dem sofortigen} 23. Bc2 {käme einfach} Nxd4 24. cxd4
c5) 23... Qc7 24. f4 Qa7 25. Kh1 Rfd8 26. Bb1 Qe7 ({Nach} 26... Ne3 27. Re1 Nc4
28. Qa2 Rb8 29. Qf2 $40 {steht Weiß zum Ansturm bereit.}) 27. Qa2 Ng7 (27... c5
28. Bxf5) 28. Re1 (28. Qf2 f6 $5) 28... Qh4 $1 {Dieser Angriff auf f4 erzwingt
eine leichte Schwächung des weißen Königs.} 29. g3 Qe7 30. Qf2 c5 $6 {[%csl
Rb5,Rd6]} ({Schwarz sollte sich ruhig verhalten. Nach} 30... Bd7 {steht Weiß
nur angenehmer, aber ein klarer Weg zum Vorteil ist nicht in Sicht.} 31. f5 {
z.B. bringt nach einem generellen Tausch auf f5 kaum was.}) 31. Nb5 Qd7 32. Kg1
Ne8 (32... h5 $5) 33. Rcd1 Qe7 (33... d4 34. cxd4 Bb3 35. Bc2 (35. d5 $6 Bxa4
36. Nc3 Bxd1 37. Rxd1 $13) 35... Bxc2 36. Qxc2 cxd4 37. Qd3 $16) 34. Rd2 Rd7
35. Qf3 Rcd8 36. Bd3 h5 ({Weiß drohte evt. g4, was Schwarz zu dieser
Schwächung provozierte. Nach} 36... d4 {folgt einfach} 37. c4 {[%cal Gg3g4,
Gd2g2]}) 37. f5 Bxf5 38. Bxf5 gxf5 39. Qxh5 Qe6 40. Qg5+ Qg6 41. Qe3 Rc8 42.
Rf2 Re7 43. Qd3 $2 ({Weiß kann ganz langsam auf die drei schwarzen Bauern 
(c5-d5-f5) lavieren. Stattdessen bevorzugte ich die materialistische Variante,
die meinem Gegner nur Erlösung bringt.} 43. Rd1 Rd7 44. Rdf1 Ng7 45. Nd6 $18 {
[%csl Rf5]}) ({oder} 43. Qd2 Rd7 44. Ref1 $18 {[%cal Gf1f7] wären kaum
ertragbar gewesen.}) 43... Rd8 44. Qxf5 ({Der Damentausch erleichtert Schwarz
die Verteidigung. Besser war immer noch das Lavierungspiel.} 44. Qd2 $142)
44... Qxf5 45. Rxf5 d4 46. cxd4 cxd4 47. Rf4 ({In Zeitnot ein Rechenfehler.
Nach} 47. Rd1 $142 d3 48. Kf2 {besitzt Weiß immer noch gute Gewinnchancen.})
47... d3 48. Kf2 $2 (48. Rd4 Rxd4 49. Nxd4 {war die Idee des vorigen Zugs...
aber} Rxe5 $1 {ist die kleine Überraschung! In Panik geraten (danke
FIDE-Bedenkzeit!) griff ich wieder fehl.}) ({Immer noch Vorteil versprach} 48.
Nd4 $142 d2 (48... Rxe5 $2 49. Rxe5 d2 50. Rf1) 49. Rd1 Rxe5 50. Rxd2 Red5 51.
Re2 $1 Rxd4 52. Rxe8+ Rxe8 53. Rxd4 Re1+ 54. Kf2 Ra1 55. Kf3 $16) 48... d2 49.
Rd1 Rxe5 50. Rd4 (50. Nd4) 50... Rxd4 51. Nxd4 Nd6 52. Nf3 Rd5 53. Ke3 (53. Ke2
Ne4 54. Ke3 Nd6 $1 $11) 53... Nc4+ 54. Ke2 Nb2 (54... Rd6 $5 55. Nxd2 Re6+ 56.
Kf3 Rd6 $11) 55. Rxd2 Nxa4 {(=)} 56. Rxd5 Nc3+ 57. Kd3 Nxd5 58. Kc4 Ne3+ 59.
Kb5 Kg7 60. Kxa5 Kg6 61. Kb4 Kf5 62. Kc3 Kg4 63. Ne5+ Kh3 1/2-1/2

[Event "Julian Borowski-A 4th"]
[Site "Essen"]
[Date "2002.05.24"]
[Round "8"]
[White "Leko, Peter"]
[Black "Kasimdzhanov, Rustam"]
[Result "1-0"]
[WhiteElo "2707"]
[BlackElo "2674"]
[Annotator "Postny,E"]
[PlyCount "171"]
[EventDate "2002.05.16"]
[EventType "tourn"]
[EventRounds "9"]
[EventCountry "GER"]
[EventCategory "16"]
[SourceTitle "CBM 090"]
[Source "ChessBase"]
[SourceDate "2002.09.20"]
[SourceVersion "1"]
[SourceVersionDate "2002.09.20"]
[SourceQuality "1"]

1. e4 e5 2. Nf3 Nc6 3. Bb5 a6 4. Ba4 Nf6 5. O-O Nxe4 6. d4 b5 7. Bb3 d5 8. dxe5
Be6 9. Nbd2 Bc5 10. Qe2 {This is the most solid continuation, which however
does not yield white much.} ({The most forced line is} 10. Nxe4) ({Also very
interesting is} 10. Qe1 {, as Luther played against Krasenkow in the same
tournament.}) ({or} 10. c3 {transposes to the main line.}) 10... Nxd2 11. Bxd2
O-O 12. Rad1 Re8 (12... Be7 $5 {- see commented game Svidler,P-Golod,V/EUCup
final 15th 1999/CBM 74 [Golod]}) (12... Ne7 13. Be3 (13. c3 Qd7 14. Nd4 Bg4 15.
f3 Bh5 16. Kh1 Rae8 17. Rfe1 c6 18. Qf1 Bg6 19. Be3 Ba7 20. e6 Qb7 21. exf7+
Bxf7 22. Bg5 Ng6 $11 {1/2-1/2 Kindermann,S-Slobodjan,R/Nussloch 1996/CBM 53 
(42)}) 13... Bxe3 14. Qxe3 c6 15. h3 Nf5 16. Qf4 Qc7 17. Rfe1 Rae8 18. c3 f6
19. Bc2 g6 20. Re2 fxe5 21. Qxe5 Nd6 22. Qg3 Bf5 $11 {1/2-1/2 Jansa,V-Pribyl,M/
Turnov 1996/CBM 54 (62)}) 13. h3 Qd7 14. c3 $146 (14. Be3 Bxe3 15. Qxe3 Na5 16.
c3 c6 17. Nd4 Qa7 18. f4 Nxb3 19. axb3 f6 20. b4 $16 {[%csl Gd4] 1/2-1/2
Augustin,J-Kovacs,L/Harrachov 1966/MCD (43)}) 14... Rad8 15. Bg5 (15. Be3 Bxe3
(15... Be7 16. Qd3) 16. Qxe3 Na5 17. Qc5 Qe7 $11) 15... Be7 16. Rfe1 h6 (16...
Bxg5 $6 17. Nxg5 h6 18. Nxe6 Qxe6 19. f4 $14) 17. Bc1 Bc5 $2 {This is a
serious inaccuracy. Just two moves ago Kasimdzhanov moved his dark-squared B
from c5 to e7 and now the B is occupying again the square, which should be
free for Pc7.} ({After} 17... Na5 18. Bc2 Bf5 {The positon is equal and now
the white's aggressive attempt:} 19. Bxf5 Qxf5 20. Nd4 {is strongly met by} Qg6
$1 21. f4 c5 22. f5 $2 Qh7 $17) 18. Qd3 $1 {[%cal Gb3c2]} Ne7 {[%cal Ge6f5]}
19. Nd4 Bxd4 (19... Bb6 {[%cal Gc7c5]} 20. Bc2 Ng6 21. b4 $1 c5 22. bxc5 Bxc5
23. f4 Qc7 24. f5 Nxe5 25. Rxe5 Qxe5 26. fxe6 $16) 20. Qxd4 ({Also good for
white is} 20. cxd4 $14) 20... Nf5 21. Qc5 d4 $6 {Kasimdzanov is trying to get
an active counterplay, but fails.} (21... Qe7 22. Qxe7 Nxe7 23. Be3 {[%csl Rc5]
White is clearly better, but this would be the least of the evils for black.})
22. Bc2 $1 (22. cxd4 $2 Bxb3 23. axb3 Qd5) 22... Bd5 (22... Qe7 23. Qc6 (23.
Qxe7 $6 Rxe7 $14) 23... dxc3 24. bxc3 $16) 23. cxd4 {Black has no serious
compensation for the pawn.} Nh4 $1 {Forcing white for the next exchange, which
is favourable for black.} 24. Be4 Bxe4 25. Rxe4 Ng6 {[%cal Yg6e7,Ye7d5]} 26.
Ree1 Re6 27. Qc2 Ne7 28. Be3 f5 {Without this move black can not resist to
white's plan of advancing the pawn majority on the kingside.} 29. exf6 {
White must take "en passant" in order to get space for his currently passive B.
} Rxf6 30. f3 {[%cal Ye3f2,Yf2g3,Yg3e5]} Nd5 31. Bf2 Rdf8 32. Bg3 {Despite the
disadvantage of the pawn, black's position is very hard to break, because of
strong Nd5. White must be very patient and start to look for another weakness
in black's camp.} Rc6 33. Qe4 Nf6 34. Qd3 Nd5 35. Re5 Rcf6 36. Rde1 Qf7 37. Qe4
c6 38. a3 a5 $1 39. Kh2 (39. Re6 $6 Rxe6 40. Qxe6 Qxe6 41. Rxe6 Rf6 {Black has
reasonable chances to hold this endgame.}) 39... a4 40. Qc2 Rg6 41. R5e4 Qf5
42. Qf2 Kh7 43. Be5 Kg8 44. Qe2 h5 45. Rf1 {Probably Leko wanted to tire his
opponent, the following sequence of 5-6 moves confirms, that Leko does not
want to force matters...} Qg5 46. Qf2 Qf5 47. Rfe1 Re6 48. Qe2 Rg6 49. Bg3 Qf7
50. Qd2 Qf6 51. R1e2 Qf5 52. Qe1 Qf7 53. Rc2 {After a long battle of
manoeuvres, Leko goes for the right plan - to put a pressure on black's
weakness on c6.} Qf5 54. Rc5 Qf7 55. Qc1 Qd7 56. Qc2 Rf5 57. Be5 Rfg5 58. Re2
h4 $6 {Black should better not to push this pawn, since it may become another
target for white.} (58... Rf5 $142) 59. Qe4 {[%csl Rh4]} Rh6 60. Rec2 Kh8 (
60... Rgg6 61. f4) 61. Bf4 {Finally Leko achieves the favourable
simplification.} Re6 (61... Nf6 62. Qe3 Rxc5 63. Rxc5 Rg6 64. Qf2 $18) 62. Bxg5
Rxe4 63. fxe4 Qd6+ (63... Nf6 64. Bxf6 gxf6 65. d5 $18) 64. Kh1 ({Probably
stronger was} 64. e5 Qg6 65. Bxh4 Ne3 66. Rf2 {, but Leko wants to prevent any
possible counterplay.}) 64... Nb6 65. Be3 Qe6 66. e5 Nc4 67. Bg1 Qf5 $2 {
Allows the following simplification...} ({After} 67... Kg8 {white still has to
work hard to win.}) 68. R2xc4 $1 {Of course! This chance should not be missed.
The black pawns will fall one after another...} bxc4 69. Rxc6 Qc2 70. e6 Qe4
71. Rxc4 Qxe6 72. d5 {Good technic. White is preventing black's last possible
counterplay, that could take place after g7-g5-g4.} Qxd5 73. Rxh4+ Kg8 74. Rxa4
{The rest is clear. It should be noticed the ideal position of Bg1, which is
protects the white K from any possible checks, and supports the advance of
white's passed PP as well.} Kf7 75. Rb4 Ke6 76. a4 Qa2 77. b3 Kd5 78. Rb5+ Ke4
79. a5 Kd3 80. b4 Kc4 81. Rb6 g5 82. a6 Kb3 83. Rg6 g4 84. a7 gxh3 85. Rg8 h2
86. Kxh2 {Excellent technic by Leko!} (86. Kxh2 Qe2 {[%cal Ge2h5]} 87. Rg3+ {
[%cal Gg3h3]}) 1-0

[Event "FIDE-Wch k.o."]
[Site "Tripoli"]
[Date "2004.06.22"]
[Round "2.2"]
[White "Akopian, Vladimir Eduardovic"]
[Black "Adianto, Utut"]
[Result "1-0"]
[WhiteElo "2689"]
[BlackElo "2591"]
[Annotator "Postny,E"]
[PlyCount "85"]
[EventDate "2004.06.19"]
[EventType "k.o."]
[EventRounds "7"]
[EventCountry "LBY"]
[SourceTitle "CBM 102"]
[Source "ChessBase"]
[SourceDate "2004.09.23"]
[SourceVersion "1"]
[SourceVersionDate "2004.09.23"]
[SourceQuality "1"]

1. e4 e5 2. Nf3 Nc6 3. Bb5 a6 4. Ba4 Nf6 5. O-O Nxe4 6. d4 b5 7. Bb3 d5 8. dxe5
Be6 9. Be3 ({More popular is} 9. Nbd2 {which frequently leads to a sharp
battle.}) 9... Bc5 {This move does not have a good reputation.} ({More common
continuation is} 9... Be7) 10. Qe2 (10. Qd3 O-O 11. Nc3 Nb4 12. Qe2 Nxc3 13.
bxc3 Bxe3 14. Qxe3 Nc6 15. a4 Na5 16. axb5 axb5 17. Nd4 Qe8 18. f4 c5 19. Nxe6
{1/2-1/2 Kasparov,G-Kramnik,V/Moscow 2001/CBM 87 (19)}) ({After} 10. Bxc5 Nxc5
{black usually gets convenient play.}) 10... Qe7 (10... Bxe3 11. Qxe3 Ne7 {
--> 1-0 Asrian,K-Nadanian,A/Yerevan 1999/CBM 74 [Mikhalevski,V] (34)}) (10...
O-O 11. Rd1 (11. Nbd2 Bxe3 12. Qxe3 Nxd2 13. Qxd2 Ne7 {--> 1/2-1/2 Asrian,
K-Kharitonov,A/Novgorod 1997/CBM 60 [Mikhalevski,V] (27)}) 11... Bxe3 12. Qxe3
Na5 13. Nbd2 Nxd2 14. Rxd2 c6 15. c3 Rb8 16. Qf4 Nc4 17. Re2 $14 {1-0
Hjartarson,J-Korneev,O/Linares 1995/CBM 45 ext (63)}) 11. Rd1 {[%csl Rd5]} (11.
c3 O-O 12. Rd1 Rad8 13. Bxc5 Qxc5 14. Nd4 Qb6 $1 $11 {1/2-1/2 Kamsky,G-Anand,V/
Las Palmas 1995/CBM 46 [Anand] (38)}) 11... Rd8 12. Nbd2 Bxe3 {The exchange of
knights probably gives black more chances to equalize.} (12... Nxd2 13. Rxd2 h6
14. Rad1 d4 15. Bxe6 Qxe6 16. Bxd4 Nxd4 17. Nxd4 Bxd4 18. Rxd4 Rxd4 19. Rxd4
Qxa2 $11 {1/2-1/2 Parma,B-Kortschnoj,V/Rome 1981/MCL (29)}) 13. Qxe3 Nc5 14. c3
O-O (14... Bg4 15. Re1 O-O 16. Bc2 Ne6 17. a4 b4 18. c4 Qc5 19. cxd5 {1/2-1/2
Geller,E-Larsen,B/Copenhagen 1966/Candidates (19)}) 15. Nd4 $1 Nxd4 $6 {
After this exchange white has stable advantage.} (15... Nb8 16. Bc2 Ncd7 17.
N2f3 c5 18. Ne2 Nc6 19. Nf4 $14 {1-0 Karaev,M-Sepman,Y/Serpukhov 1999/EXT 2000
(38)}) 16. cxd4 Nb7 $6 $146 {Quite unfortunate place for the knight.} ({
The least of the evils for black is:} 16... Nd7 17. Rac1 Nb6 $14 {1-0
Winterstein,W-Mikavica,M/Zuerich 1991/EXT 97 (33)}) 17. Nf3 {White is now
ready to meet black's c7-c5 strike with dxc5 followed by Nf3-d4.} Bg4 {Black
is going to exchange his bad bishop, but this does not solve his problems.} 18.
h3 Bxf3 19. Qxf3 c6 20. Qc3 {This is the sort of position, that black should
try to avoid in this opening setup. Black's pawnstructure on the queenside is
far from perfect and his pieces are passive (Nb7). White, however has a space
advantage on both flanks.} Rc8 21. a4 {Opening the "a" file for the following
rook's invasion.} Qd7 (21... b4 22. Qd3 a5 23. Rac1 $16 {In some cases the
manoeuvre Qd3-a6 will be very unpleasant for black.}) 22. axb5 axb5 23. Ra7 Ra8
24. Rda1 Rxa7 25. Rxa7 {White is clearly dominating. The Nb7 is very bad and
it's very hard to point out any reasonable plan for black.} g6 26. Bd1 {
Transfering the bishop to a better pastures.} Rb8 27. b4 {It's useful to
"freeze" black's queenside once and for all.} Qe8 28. f4 Kg7 (28... f5 29. g4 {
and black's position will collapse very soon.}) 29. f5 $18 gxf5 30. Qg3+ Kf8
31. Bc2 Qe7 32. Qf4 $1 {White can afford himself to sacrifice the Pb4, since
the forthcoming invasion of white's queen will be fatal for black.} Qxb4 33.
Bxf5 c5 34. Qh6+ Ke8 35. Qc6+ Kf8 36. Qh6+ Ke8 37. Qc6+ Kf8 38. Qc7 {That's it.
White is winning a lot of material, while black's attempts for a perpetual
check can be parried easily.} Qxd4+ 39. Kh1 Qf4 40. Qxb8+ Kg7 41. Ra1 Qxf5 42.
Qxb7 b4 43. Qxd5 1-0